000 00587nam a2200181Ia 4500
008 140609s9999 xx 000 0 und d
020 _a9781412981088
050 _aHD 58.7
_b.D77 2011
100 _aDriskill, Gerald W.
245 _aOrganizational culture in action :
_ba cultural analysis workbook / 
_cGerald W. Driskill, Angela Laird Brenton
250 _a2nd ed.
260 _aThousand Oaks, Calif. :
_bSAGE,
_cc2011.
300 _a239 p. ;
_c28 cm.
500 _aIncludes bibliographical references and index.
521 _aBSBA
942 _kFOR
_cBK
999 _c117938
_d117938